000 02409nam a2200349 a 4500
001 1329291
003 AM-YEHGA
005 20250618080146.0
008 180328s2017 ai |||||||||||||||0|arm|d
020 _a9789939593111
040 _aAM-YeHGA
041 0 _aarm
245 0 0 _aԳարեգին Ա. Յովսէփեան. Կաթողիկոս Մեծի Տանն Կիլիկիոյ (1867-1943-1952) :
_bՓաստաթղթերի եւ նիւթերի ժողովածու /
_cԿազմող և առաջաբանի հեղինակ՝ Գ. Աւագեան ; Գլխավոր խմբ.՝ Ա. Վիրաբյան ; Խմբ.՝ Ա. Մալխասյան ; [Հրատ. տնօրեն՝ Ա. քհն. Պօղոսեան ; Սրբագրիչ՝ Գ. Յազիչեան] ; Հայաստանի ազգային արխիւ ; Մեծի Տանն Կիլիկիոյ Կաթողիկոսութեան արխիւ ; «Մատենադարան» Մեսրոպ Մաշտոցի անվան հին ձեռագրերի գիտահետազոտական ինստիտուտ.
260 _aՍ. Էջմիածին :
_bՄայր Աթոռ Սուրբ Էջմիածնի հրատարակչություն,
_c2017-
_c2023.
300 _aհատոր
504 _aՏողատակում՝ ծանոթագրություններ: Անվանացանկ՝ էջ 430-447` (Հ. Գ)
505 1 0 _gՀ. Գ (2023 ; 480 էջ) /
_rԽմբ.՝ Ա. Մալխասյան
_a
600 0 4 _aԳարեգին Ա (Հովսեփյան)
_tԿաթողիկոս,
_d1867-1952
_95277
650 1 4 _aՀայ Առաքելական եկեղեցու գործիչներ
650 1 0 _aՀայոց եկեղեցի
_xՊատմություն
_95146
700 1 _aԱւագեան, Գոհար
_eկազմ.
_4aut
_4com
_eառաջաբ. հեղ.
_4aui
700 1 _aՎիրաբյան, Ամատունի Սասունիկի,
_eխմբ.
_4edt
_d1956-
_94019
700 1 _aՊօղոսեան, Արարատ
_eհրատ.
_4pbl
700 1 _aՄալխասյան, Արմեն
_eխմբ.
_4edt
700 1 _aՅազիչեան, Գէորգ
_eսրբագրիչ
_4pbl
710 2 _aՀայաստանի ազգային արխիվ
_95822
710 2 _aՄեծի Տանն Կիլիկիոյ Կաթողիկոսութեան արխիւ
710 2 _aԿաթողիկոսութիւն ամենայն հայոց
710 2 _a«Մատենադարան» Մեսրոպ Մաշտոցի անվան հին ձեռագրերի գիտահետազոտական ինստիտուտ
942 _2udc
_cBK
090 _c569302
999 _c530600
_d530600